Los costos en el transporte urbano de pasajeros (Registro nro. 8008)

Detalles MARC
000 -LEADER
fixed length control field 00924 a2200229 4500
001 - CONTROL NUMBER
control field 63167
005 - DATE AND TIME OF LATEST TRANSACTION
control field 20260407155927.0
008 - FIXED-LENGTH DATA ELEMENTS--GENERAL INFORMATION
fixed length control field 260407a1981 arg spa d
003 - CONTROL NUMBER IDENTIFIER
control field AR-UNSa-BCEJYS
040 ## - CATALOGING SOURCE
Original cataloging agency AR-UNSa-BCEJYS
Language of cataloging spa
Transcribing agency AR-UNSa-BCEJYS
080 ## - UNIVERSAL DECIMAL CLASSIFICATION NUMBER
Universal Decimal Classification number 657.474.57
Common auxiliary subdivision Métodos de cálculo. Estimación de costos<br/>
041 ## - LANGUAGE CODE
Language code of text/sound track or separate title spa
100 1# - MAIN ENTRY--PERSONAL NAME
Personal name Yardin, Amaro Ramón
245 10 - TITLE STATEMENT
Title Los costos en el transporte urbano de pasajeros
264 #1 - PRODUCTION, PUBLICATION, DISTRIBUTION, MANUFACTURE, AND COPYRIGHT NOTICE
Place of production, publication, distribution, manufacture Buenos Aires :
Name of producer, publisher, distributor, manufacturer Ediciones Macchi
Date of production, publication, distribution, manufacture, or copyright notice 1981
300 ## - PHYSICAL DESCRIPTION
Extent 72 p.
Dimensions 22 cm.
505 ## - FORMATTED CONTENTS NOTE
Formatted contents note 1. Introducción - 2. Costos periódicos – 3. Costos vinculados al kilometraje recorrido – 4. Costos vinculados al pasajero transportado – 5. Componentes financieros del valor de la tierra – 6. Un ejemplo numérico – 7. Análisis C.V.U –
590 ## - LOCAL NOTE (RLIN)
Local note niveau_biblio:m niveau_hierar:0
700 1# - ADDED ENTRY--PERSONAL NAME
Personal name Rodríguez Jauregui, Hugo A.
700 1# - ADDED ENTRY--PERSONAL NAME
Personal name Cuesta, Norberto
942 ## - ADDED ENTRY ELEMENTS (KOHA)
Koha item type
Existencias
Withdrawn status Lost status Damaged status Not for loan Home library Current library Shelving location Date acquired Total checkouts Full call number Barcode Date last seen Price effective from Koha item type
        Biblioteca Prof. Eusebio Cleto del Rey Biblioteca Prof. Eusebio Cleto del Rey   07/04/2026   657.474.57 Y27 L53974 07/04/2026 07/04/2026 Libro